000 01401cam a2200385 4500
001 J122232
008 030509n2003 000 0 eng u
035 _a(Sirsi) u122232
041 _aeng
050 _a745.1
_c18
100 _aLand, Howard
245 _aAntiques and fine arts
_bthe chartered surveyor in the world of antiques
_h[sound recording]
260 _aLondon
_bOwlion
_c2003
300 _a1 audio CD (ca. 60 min.)
350 _a15
490 _aOwlion Audio Programme
520 _aProvides an insight into the responsibilities of chartered surveyors working in the area of antiques and fine arts, focusing on the interaction that can and should beneficially exist between general practitioners and specialists.
650 _aFURNITURE
650 _aANTIQUES VALUATIONS
650 _aFINE ARTS VALUATION
650 _aLOSS ADJUSTMENT
650 _aPROFESSIONAL INDEMNITY INSURANCE
650 _aSURVEYORS' NEGLIGENCE
690 _aArts and antiques
_96217
700 _aDalrymple, Mark
700 _aDavidson, Paul
700 _aHastings, Emma
700 _aMeyer, Johnathan
700 _aNewman, Michael
700 _aSomers, Nicholas
710 _aRoyal Institution of Chartered Surveyors
_bAntiques and Fine Arts Faculty
_94249
710 _aRoyal Institution of Chartered Surveyors
_94900
710 _aCollege of Estate Management
_9400
942 _n0
999 _c102798
_d102798